000
00274nam a2200121Ia 4500
008
190216s9999||||xx |||||||||||||| ||und||
100
_a
Lerner & Baker
245
0
_a
Introduction To Business
260
_b
Null
_c
1976
300
_a
262p
650
_a
Commerce
942
_c
BK
999
_c
4507
_d
4507